书目信息 |
| 题名: |
唐宋八大家散文总集
|
|
| 作者: | 郭预衡 , 韩愈 , 柳宗元 , 欧阳修 , 苏洵 , 曾巩 , 王安石 , 苏轼 , 苏辙 主编 | |
| 分册: | 第一卷 | |
| 出版信息: | 石家庄 河北人民出版社 1995 |
|
| 页数: | 889页 | |
| 开本: | 21cm | |
| 丛书名: | ||
| 单 册: | ||
| 中图分类: | I262.265 | |
| 科图分类: | ||
| 主题词: | 古典散文--中国--唐代--选集 , 古典散文 | |
| 电子资源: | ||
| ISBN: | 7-202-01809-8 | |
| 000 | 01193nam0 2200325 450 | |
| 001 | 1238937480 | |
| 005 | 20121015104948.59 | |
| 010 | @a7-202-01809-8@b精装@dCNY46.80 | |
| 100 | @a19960725d1995 em y0chiy0110 ea | |
| 101 | 0 | @achi |
| 102 | @aCN@b130000 | |
| 105 | @ay z 000cy | |
| 200 | 1 | @a唐宋八大家散文总集@Atang song ba da jia san wen zong ji@h第一卷@e新版校评本@f郭预衡主编 |
| 210 | @a石家庄@c河北人民出版社@d1995 | |
| 215 | @a889页@d21cm | |
| 327 | 1 | @a卷一:韩愈 柳宗元·卷二~三:欧阳修@a卷四:苏洵 曾巩·卷五:王安石@a卷六~九:苏轼·卷十:苏辙 |
| 606 | 0 | @a古典散文@y中国@z唐代@x选集 |
| 606 | 0 | @a古典散文 |
| 690 | @aI262.265 | |
| 701 | 0 | @a郭预衡@Aguo yu heng@f(1920~)@4主编 |
| 701 | 0 | @c(唐)@a韩愈@Ahan yu@f(768~824)@4著 |
| 701 | 0 | @c(唐)@a柳宗元@Aliu zong yuan@f(773~819)@4著 |
| 701 | 0 | @c(宋)@a欧阳修@Aou yang xiu@f(1007~1072)@4著 |
| 701 | 0 | @c(宋)@a苏洵@Asu xun@f(1009~1066)@4著 |
| 701 | 0 | @c(宋)@a曾巩@Azeng gong@f(1019~1083)@4著 |
| 701 | 0 | @c(宋)@a王安石@Awang an shi@f(1021~1086)@4著 |
| 701 | 0 | @c(宋)@a苏轼@Asu shi@f(1037~1101)@4著 |
| 701 | 0 | @c(宋)@a苏辙@Asu zhe@f(1039~1112)@4著 |
| 801 | 0 | @aCN@bNLC@c20101222 |
| 905 | @a10447@dI262.265@eJY24:1 | |
| 唐宋八大家散文总集.第一卷:新版校评本/郭预衡主编.-石家庄:河北人民出版社,1995 |
| 889页;21cm |
| 部分内容:卷一:韩愈 柳宗元·卷二~三:欧阳修;卷四:苏洵 曾巩·卷五:王安石;卷六~九:苏轼·卷十:苏辙 |
| ISBN 7-202-01809-8(精装):CNY46.80 |
| ● |
| 相关链接 |
|
|
|
|
正题名:唐宋八大家散文总集
索取号:I262.265/JY24:1
 
预约/预借
| 序号 | 登录号 | 条形码 | 馆藏地/架位号 | 状态 | 备注 |
| 1 | 7818895 | 278188952 | 学院路分馆/ [索取号:I262.265/JY24:1] | 在馆 | |
| 2 | 7818896 | 278188961 | 学院路分馆/ [索取号:I262.265/JY24:1] | 在馆 |